[Event "TUR-chT2"]
[Site "Konya"]
[Date "2014.06.24"]
[Round "2.11"]
[White "Guner, Bulent"]
[Black "Koc, Serkan"]
[Result "1-0"]
[WhiteElo "2105"]
[BlackElo "1797"]
[PlyCount "75"]
[EventDate "2014.06.23"]
[EventType "team-swiss"]
[EventRounds "9"]
[EventCountry "TUR"]
[SourceTitle "CBM 161 Extra"]
[Source "ChessBase"]
[SourceDate "2014.08.29"]
[SourceVersion "1"]
[SourceVersionDate "2014.08.29"]
[SourceQuality "1"]
[WhiteTeam "Antalya"]
[BlackTeam "Gercek"]
[WhiteTeamCountry "TUR"]
[BlackTeamCountry "TUR"]

1. d4 d5 2. c4 e6 3. Nf3 Nf6 4. Nc3 Nbd7 5. Bg5 Be7 6. e3 Ne4 7. Bxe7 Qxe7 8. Bd3 Ndf6 9. Qc2 Nxc3 10. bxc3 0-0 11. 0-0 b6 12. cxd5 exd5 13. a4 c5 14. a5 c4 15. Bf5 g6 16. Bxc8 Rfxc8 17. Rfb1 Nd7 18. Nd2 f5 19. Re1 Re8 20. f3 Nf6 21. Re2 b5 22. e4 dxe4 23. fxe4 fxe4 24. Rae1 e3 25. Nf1 Nd5 26. g3 Qa3 27. Rc1 Qxa5 28. h4 Re6 29. h5 Rae8 30. hxg6 Rxg6 31. Qf5 Nxc3 32. Rh2 Rg7 33. Nxe3 Qc7 34. Ng4 Qxg3+ 35. Rg2 Ne2+ 36. Kf1 Qh4 37. Nf6+ Kh8 38. Rxg7 1-0

[Event "Istanbul op-A 11th"]
[Site "Istanbul"]
[Date "2012.08.31"]
[Round "2"]
[White "Raetsky, Alexander"]
[Black "Guner, Bulent"]
[Result "1/2-1/2"]
[WhiteElo "2445"]
[BlackElo "2100"]
[PlyCount "125"]
[EventDate "2012.08.30"]
[EventType "swiss"]
[EventRounds "9"]
[EventCountry "TUR"]
[SourceTitle "CBM 150 Extra"]
[Source "ChessBase"]
[SourceDate "2012.10.19"]
[SourceVersion "1"]
[SourceVersionDate "2012.10.19"]
[SourceQuality "1"]

1. e4 e5 2. f4 exf4 3. Nf3 d6 4. d4 g5 5. h4 g4 6. Ng1 Qf6 7. Nc3 Ne7 8. Nge2 Bh6 9. g3 fxg3 10. Nxg3 Bxc1 11. Rxc1 Nbc6 12. Bb5 Bd7 13. Bxc6 bxc6 14. Qd2 h5 15. Qf2 Qxf2+ 16. Kxf2 0-0-0 17. Nce2 f5 18. exf5 Rdf8 19. Rhf1 Bxf5 20. Ke3 Bd7 21. Nf4 Nf5+ 22. Nxf5 Rxf5 23. Ng6 Re8+ 24. Kd2 g3 25. Rxf5 Bxf5 26. Nf4 Re4 27. Nxh5 Rxd4+ 28. Ke3 Re4+ 29. Kf3 Rxh4 30. Nxg3 Be6 31. a3 c5 32. Ke3 Kb7 33. Rh1 Rxh1 34. Nxh1 Kc6 35. Nf2 Kd5 36. Nd1 Ke5 37. Nc3 c6 38. Kd2 Bf5 39. Nd1 d5 40. Ne3 Be6 41. Nd1 d4 42. c3 Bg4 43. Nf2 Bf5 44. Nd1 a5 45. b4 cxb4 46. cxb4 axb4 47. axb4 Kd5 48. Nb2 Bc8 49. Kc2 Ba6 50. Kd2 Bb5 51. Kc2 Ke4 52. Kd2 d3 53. Nd1 Kd4 54. Nb2 Ba6 55. Na4 Bb5 56. Nc5 Bc4 57. Nb7 Bd5 58. Nc5 Be4 59. Nb7 Bg6 60. Nd8 Be4 61. Nb7 Kc4 62. Nd6+ Kd5 63. Nb7 1/2-1/2

[Event "Istanbul op-A 11th"]
[Site "Istanbul"]
[Date "2012.08.30"]
[Round "1"]
[White "Guner, Bulent"]
[Black "Tasci, Onur"]
[Result "1-0"]
[WhiteElo "2100"]
[BlackElo "1772"]
[PlyCount "105"]
[EventDate "2012.08.30"]
[EventType "swiss"]
[EventRounds "9"]
[EventCountry "TUR"]
[SourceTitle "CBM 150 Extra"]
[Source "ChessBase"]
[SourceDate "2012.10.19"]
[SourceVersion "1"]
[SourceVersionDate "2012.10.19"]
[SourceQuality "1"]

1. d4 Nf6 2. c4 e6 3. g3 d5 4. Nf3 b6 5. Bg2 Bb7 6. Ne5 Nfd7 7. Nxd7 Qxd7 8. Nc3 Bb4 9. 0-0 Bxc3 10. bxc3 Nc6 11. cxd5 exd5 12. e4 0-0-0 13. e5 h6 14. a4 Na5 15. f4 Ba6 16. Rf2 h5 17. h4 Bc4 18. f5 c5 19. Bh3 Rde8 20. Kh2 f6 21. e6 Qc6 22. Bf4 Re7 23. Bg2 Nb3 24. Ra3 Na5 25. Bf3 Qe8 26. dxc5 Qc6 27. Bd6 Rb7 28. Qd4 bxc5 29. Qxc5 Qxc5 30. Bxc5 Nb3 31. Be3 Na5 32. Rd2 Rd8 33. Bxh5 Ba6 34. Raa2 Nc4 35. Bc5 Nxd2 36. Rxd2 Rh8 37. Bf3 Rc7 38. Bb4 Bc4 39. Kg2 a6 40. Kf2 Bb3 41. a5 Rd8 42. Be2 Kb7 43. Rb2 Bc4 44. Be7+ Kc8 45. Bxd8 Kxd8 46. Rb8+ Ke7 47. Bxc4 Rxc4 48. Rb7+ Kf8 49. Rf7+ Ke8 50. Rd7 Rxc3 51. Rxd5 Rc2+ 52. Kf3 Rc3+ 53. Ke4 1-0

[Event "Cologne-Istanbul"]
[Site "Playchess.com INT"]
[Date "2012.08.12"]
[Round "1"]
[White "Guner, Bulent"]
[Black "Karimi, Farhad"]
[Result "0-1"]
[WhiteElo "2100"]
[BlackElo "2219"]
[PlyCount "92"]
[EventDate "2012.08.12"]
[EventType "team-match"]
[EventRounds "1"]
[EventCountry "GER"]
[SourceTitle "CBM 149 Extra"]
[Source "ChessBase"]
[SourceDate "2012.08.24"]
[SourceVersion "1"]
[SourceVersionDate "2012.08.24"]
[SourceQuality "1"]
[WhiteTeam "Istanbul"]
[BlackTeam "Koeln"]
[WhiteTeamCountry "TUR"]
[BlackTeamCountry "GER"]

1. d4 Nf6 2. c4 e6 3. g3 Bb4+ 4. Bd2 Qe7 5. Bg2 0-0 6. Nf3 Ne4 7. a3 Bxd2+ 8. Nbxd2 f5 9. Qc2 d5 10. Ne5 Nd7 11. Ndf3 c5 12. Nxd7 Bxd7 13. cxd5 Rac8 14. dxc5 Rxc5 15. Qb1 Rxd5 16. 0-0 Rc8 17. Rd1 Qc5 18. e3 Qc2 19. Qxc2 Rxc2 20. Rxd5 exd5 21. b4 Kf8 22. Nd4 Rd2 23. Nb3 Rb2 24. Nc5 Nxc5 25. bxc5 Rd2 26. Bf3 Ke7 27. Rd1 Rxd1+ 28. Bxd1 Kd8 29. Bb3 Be6 30. Kf1 Kc7 31. Ba4 Bd7 32. Bb3 Bb5+ 33. Ke1 Kc6 34. Kd2 Kxc5 35. Kc3 Bc4 36. Bc2 g6 37. h4 b5 38. h5 a5 39. h6 b4+ 40. axb4+ axb4+ 41. Kd2 d4 42. exd4+ Kxd4 43. g4 Be6 44. g5 b3 45. Bb1 Ke5 46. Ke3 f4+ 0-1

[Event "Istanbul op-A 10th"]
[Site "Istanbul"]
[Date "2011.09.16"]
[Round "6"]
[White "Guner, Bulent"]
[Black "Nuri, Murad Kamil Oglu"]
[Result "0-1"]
[WhiteElo "2123"]
[BlackElo "1984"]
[PlyCount "200"]
[EventDate "2011.09.12"]
[EventType "swiss"]
[EventRounds "9"]
[EventCountry "TUR"]
[SourceTitle "CBM 144 Extra"]
[Source "ChessBase"]
[SourceDate "2011.10.28"]
[SourceVersion "1"]
[SourceVersionDate "2011.10.28"]
[SourceQuality "1"]

1. d4 g6 2. c4 Bg7 3. Nc3 d6 4. e4 Nf6 5. Be2 0-0 6. Bg5 c5 7. d5 h6 8. Bf4 a6 9. a4 Qa5 10. Bd2 Qc7 11. Nf3 e6 12. 0-0 exd5 13. exd5 Bg4 14. h3 Bxf3 15. Bxf3 Nbd7 16. Qc2 Rfe8 17. Rfe1 Ne5 18. Be2 Re7 19. f4 Ned7 20. Bf3 Rae8 21. Rxe7 Rxe7 22. Re1 Qd8 23. Kf1 Ne8 24. Rxe7 Qxe7 25. Qe4 Qxe4 26. Bxe4 Nc7 27. a5 f5 28. Bc2 Kf7 29. Ke2 h5 30. Kf3 Ne8 31. Na4 Bd4 32. b3 Nef6 33. Nc3 Ke7 34. Ne2 Bb2 35. Bc1 Bxc1 36. Nxc1 b6 37. axb6 Nxb6 38. Ne2 Kd7 39. Nc3 Ke7 40. Nd1 Kd7 41. g3 Ke7 42. Ne3 Kf7 43. g4 hxg4+ 44. hxg4 Nxg4 45. Nxg4 fxg4+ 46. Kxg4 Kf6 47. Bd3 a5 48. Kf3 Nc8 49. Kg4 Ne7 50. Be4 Ng8 51. Bd3 Nh6+ 52. Kg3 Nf7 53. Kg4 g5 54. fxg5+ Nxg5 55. Kf4 Nf7 56. Bf1 Ne5 57. Be2 Ng6+ 58. Ke4 Kg5 59. Bd1 Ne5 60. Be2 Nd7 61. Bd3 Nf6+ 62. Kf3 Ng4 63. Be2 Nh6 64. Ke4 Nf5 65. Bf3 Ng3+ 66. Kd3 Kf4 67. Bg2 Nf5 68. Bh3 Nd4 69. Kc3 Ke3 70. Bd7 Ne2+ 71. Kc2 Kd4 72. Be8 Ke3 73. Bd7 Nd4+ 74. Kc3 Ne2+ 75. Kc2 Kd4 76. Be8 Nc3 77. Bc6 a4 78. bxa4 Kxc4 79. a5 Nxd5 80. Kd2 Nc7 81. Bd7 Kb4 82. Kd3 Kxa5 83. Kc4 Kb6 84. Ba4 d5+ 85. Kd3 Ne6 86. Bd7 Nd8 87. Be8 Kc7 88. Bh5 Kd6 89. Bg6 c4+ 90. Kc3 Kc5 91. Bh7 d4+ 92. Kc2 Nc6 93. Kb2 Nb4 94. Bg6 d3 95. Kc3 Nd5+ 96. Kd2 Kd4 97. Kc1 c3 98. Bh5 Ke3 99. Bd1 Nb4 100. Bb3 c2 0-1